| 000 | 00801nas a2200265 4500 | ||
|---|---|---|---|
| 001 | BR9900675 | ||
| 003 | BR-BrBNA | ||
| 005 | 20231205101230.0 | ||
| 007 | ta | ||
| 008 | 230509b bl.|||p| |||| 00| 00por d | ||
| 040 |
_aBR-BrBNA _bpor _cBiblioteca Nacional de Agricultura |
||
| 041 | _a(Pt) | ||
| 072 | _aH20; F08 | ||
| 100 | 1 | _aLima, M.L.R.Z.C. | |
| 100 | 1 | _aMay, L.L. | |
| 100 | 1 | _aMaccari Junior, A. | |
| 245 | 1 | _aIncidencia de doencas fungicas na cultura da batata sob diferentes sistemas de cultivo | |
| 650 | _aBatata | ||
| 650 | _aFungo | ||
| 650 | _aSistema de Cultivo | ||
| 650 | _aVariedade Resistente | ||
| 773 | 0 |
_tRevista do Setor de Ciencias Agrarias (Brazil) _x _g(1997), v. 16(1-2) p. 95-98 _wBR9900675 |
|
| 909 |
_a202311 _bLúcia _c55 _dLúcia Elande |
||
| 942 |
_2AGRIS _n0 _cANA |
||
| 999 |
_c160576 _d160576 |
||